000 00488nam a22001577a 4500
999 _c9165
_d9165
008 210326b ||||| |||| 00| 0 eng d
040 _aBMS College of Architecture
100 _aA, C, Aditya
245 _aThe waterfront retreet : An escape into tranquility
300 _aNA
500 _a1BM04AT001
502 _8B.Arch
_NBMS College of Architecture, Visvesvaraya Technological University
_aProject report
_d2009
650 _aNA
700 _aMamatha P Raj
_eGuide
942 _2ddc
_cTHE